000 00705nam a22002417a 4500
999 _c33515
_d33515
001 2763
003 CO-MdFUSB
005 20180622073123.0
008 171120s1994 sp ||||| |||| 00| 0 spa d
020 _a84-8005-018-7
040 _aCO-MdFUSB
_bspa
_cCO-MdFUSB
_dCO-MdFUSBC
_erda
041 0 _aspa
082 0 4 _aG 226.3 M4254m
100 1 _aMateos, Juan
_eautor
245 1 0 _aMarcos
_b: Texto y comentario
_c/ Juan Mateos, Fernando Camacho
264 1 _aCórdoba, España :
_b Almendro,
_c[1994]
300 _a285 Pag
336 _2rdacontent
_atexto
_btxt
337 _2rdamedia
_asin mediación
_bn
338 _2rdacarrier
_avolumen
_bnc
653 _aBiblia N.T. - Marcos - Comentarios
942 _cBK